MARC details
| 000 -LEADER |
| campo de control de longitud fija |
03636cam a2200577 a 4500 |
| 001 - NÚMERO DE CONTROL |
| campo de control |
14626690 |
| 003 - IDENTIFICADOR DE NÚMERO DE CONTROL |
| campo de control |
BJBSDDR |
| 005 - FECHA Y HORA DE LA ÚLTIMA TRANSACCIÓN |
| campo de control |
20260210133051.0 |
| 006 - CÓDIGOS DE INFORMACIÓN DE LONGITUD FIJA--CARACTERÍSTICAS DEL MATERIAL ADICIONAL |
| campo de control de longitud fija |
a|||||r|||| 00| 0 |
| 007 - CAMPO FIJO DE DESCRIPCIÓN FÍSICA--INFORMACIÓN GENERAL |
| campo de control de longitud fija |
ta |
| 008 - DATOS DE LONGITUD FIJA--INFORMACIÓN GENERAL |
| campo de control de longitud fija |
061107s2007 nyuabe rbc 001 0 eng |
| 010 ## - NÚMERO DE CONTROL DE LA BIBLIOTECA DEL CONGRESO |
| Número de control de LC |
2006037123 |
| 015 ## - NÚMERO DE BIBLIOGRAFÍA NACIONAL |
| Número de bibliografía nacional |
GBA700587 |
| Fuente |
bnb |
| 016 7# - NÚMERO DE CONTROL DE UNA AGENCIA BIBLIOGRÁFICA NACIONAL |
| Número de control del registro |
013633899 |
| Fuente |
Uk |
| 020 ## - NÚMERO INTERNACIONAL ESTÁNDAR DEL LIBRO |
| Número Internacional Estándar del Libro |
9780393732436 (paperback) |
| 020 ## - NÚMERO INTERNACIONAL ESTÁNDAR DEL LIBRO |
| Número Internacional Estándar del Libro |
0393732436 (paperback) |
| 035 ## - NÚMERO DE CONTROL DEL SISTEMA |
| Número de control de sistema |
14626690 |
| 035 ## - NÚMERO DE CONTROL DEL SISTEMA |
| Número de control de sistema |
(OCoLC)76167277 |
| 040 ## - FUENTE DE CATALOGACIÓN |
| Centro catalogador/agencia de origen |
DLC |
| Centro/agencia transcriptor |
DLC |
| Centro/agencia modificador |
BAKER |
| -- |
UKM |
| -- |
C#P |
| -- |
BTCTA |
| -- |
YDXCP |
| -- |
DLC |
| Lengua de catalogación |
eng |
| 041 ## - CÓDIGO DE IDIOMA |
| Código de lengua del texto/banda sonora o título independiente |
eng |
| 043 ## - CÓDIGO DE ÁREA GEOGRÁFICA |
| Código de área geográfica |
n-us-ny |
| 050 14 - SIGNATURA TOPOGRÁFICA DE LA BIBLIOTECA DEL CONGRESO |
| Número de clasificación |
NA 9085 |
| Número de ítem |
R639 2007 |
| 082 00 - NÚMERO DE LA CLASIFICACIÓN DECIMAL DEWEY |
| Número de clasificación |
711/.4092 |
| 245 00 - MENCIÓN DEL TÍTULO |
| Título |
Robert Moses and the modern city : |
| Resto del título |
the transformation of New York / |
| Mención de responsabilidad, etc. |
edited by Hilary Ballon and Kenneth T. Jackson. |
| 250 ## - MENCION DE EDICION |
| Mención de edición |
1st ed. |
| 260 ## - PUBLICACIÓN, DISTRIBUCIÓN, ETC. |
| Lugar de publicación, distribución, etc. |
New York : |
| Nombre del editor, distribuidor, etc. |
W. W. Norton & Co., |
| Fecha de publicación, distribución, etc. |
c2007. |
| 300 ## - DESCRIPCIÓN FÍSICA |
| Extensión |
336 pages : |
| Otras características físicas |
illustrations (some col.), maps, plans ; |
| Dimensiones |
26 cm. |
| 336 ## - TIPO DE CONTENIDO |
| Término de tipo de contenido |
text |
| Código de tipo de contenido |
txt |
| Fuente |
rdacontent |
| 337 ## - TIPO DE MEDIO |
| Nombre/término del tipo de medio |
unmediated |
| Código del tipo de medio |
n |
| Fuente |
rdamedia |
| 338 ## - TIPO DE SOPORTE |
| Nombre/término del tipo de soporte |
volume |
| Código del tipo de soporte |
nc |
| Fuente |
rdacarrier |
| 500 ## - NOTA GENERAL |
| Nota general |
"This book is published in conjunction with the three-part exhibition 'Robert Moses and the modern city'"--T.p. verso. |
| 504 ## - NOTA DE BIBLIOGRAFÍA, ETC. |
| Nota de bibliografía, etc. |
Includes bibliographical references (pages 324-327) and index. |
| 520 ## - RESUMEN, ETC. |
| Sumario, etc. |
Robert Moses & the Modern City re-examines the life and work of Robert Moses, who dominated New York City urban planning and development from the 1930s to the 1960s. The book offers a balanced and richly illustrated perspective that goes beyond the polarized views of Moses as either a visionary builder or a destructive force.<br/>The essays highlight Moses’s ambitious building programs, including vast park systems, iconic bridges, and extensive highways, which shaped the city’s modern infrastructure.<br/>The book critically addresses the social consequences of Moses’s projects, such as the displacement of communities during urban renewal.<br/>Through archival photographs and models, readers gain visual insight into Moses’s transformative impact and the scale of his work.<br/>The editors and contributors provide a scholarly reassessment, situating Moses’s legacy within broader urban history and planning debates.<br/>Overall, the book serves as both a tribute and a critique, reflecting the complexity of Moses’s influence on New York’s development. |
| 600 14 - PUNTO DE ACCESO ADICIONAL DE MATERIA--NOMBRE DE PERSONA |
| Nombre de persona |
Moses, Robert, |
| Fechas asociadas al nombre |
1888-1981 |
| 9 (RLIN) |
29761 |
| 650 #0 - PUNTO DE ACCESO ADICIONAL DE MATERIA--TÉRMINO DE MATERIA |
| Término de materia o nombre geográfico como elemento de entrada |
City planners |
| Subdivisión geográfica |
New York (State) |
| -- |
New York |
| Subdivisión general |
History |
| Subdivisión cronológica |
20th century |
| Subdivisión general |
Exhibitions. |
| 650 #4 - PUNTO DE ACCESO ADICIONAL DE MATERIA--TÉRMINO DE MATERIA |
| Término de materia o nombre geográfico como elemento de entrada |
Urbanistas |
| Subdivisión general |
Historia |
| Subdivisión geográfica |
Nueva York (Estados Unidos) |
| Subdivisión cronológica |
Siglo XX |
| 9 (RLIN) |
47032 |
| Subdivisión de forma |
Exposiciones |
| 650 #0 - PUNTO DE ACCESO ADICIONAL DE MATERIA--TÉRMINO DE MATERIA |
| Término de materia o nombre geográfico como elemento de entrada |
Municipal officials and employees |
| Subdivisión geográfica |
New York (State) |
| -- |
New York |
| Subdivisión general |
History |
| Subdivisión cronológica |
20th century |
| Subdivisión general |
Exhibitions. |
| 650 #4 - PUNTO DE ACCESO ADICIONAL DE MATERIA--TÉRMINO DE MATERIA |
| Término de materia o nombre geográfico como elemento de entrada |
Funcionarios y empleados municipales |
| Subdivisión geográfica |
Nueva York (Estados Unidos) |
| 9 (RLIN) |
47034 |
| 650 #0 - PUNTO DE ACCESO ADICIONAL DE MATERIA--TÉRMINO DE MATERIA |
| Término de materia o nombre geográfico como elemento de entrada |
Public works |
| Subdivisión geográfica |
New York (State) |
| -- |
New York |
| Subdivisión general |
History |
| Subdivisión cronológica |
20th century |
| Subdivisión general |
Exhibitions. |
| 650 #4 - PUNTO DE ACCESO ADICIONAL DE MATERIA--TÉRMINO DE MATERIA |
| Término de materia o nombre geográfico como elemento de entrada |
Obras públicas |
| Subdivisión geográfica |
Nueva York (Estados Unidos) |
| Subdivisión general |
Historia |
| Subdivisión cronológica |
Siglo XX |
| 9 (RLIN) |
21159 |
| 651 #0 - PUNTO DE ACCESO ADICIONAL DE MATERIA--NOMBRE GEOGRÁFICO |
| Nombre geográfico |
New York (N.Y.) |
| Subdivisión general |
History |
| Subdivisión cronológica |
20th century |
| Subdivisión general |
Exhibitions. |
| 651 #4 - PUNTO DE ACCESO ADICIONAL DE MATERIA--NOMBRE GEOGRÁFICO |
| Nombre geográfico |
Nueva York (Estados Unidos) |
| Subdivisión general |
Historia |
| Subdivisión cronológica |
Siglo XX |
| 9 (RLIN) |
8811 |
| 700 1# - ENTRADA AGREGADA--NOMBRE PERSONAL |
| Nombre de persona |
Ballon, Hilary, |
| Fechas asociadas al nombre |
1956-2017 |
| 9 (RLIN) |
44737 |
| Término indicativo de función/relación |
editor |
| 700 1# - ENTRADA AGREGADA--NOMBRE PERSONAL |
| Nombre de persona |
Jackson, Kenneth T., |
| Fechas asociadas al nombre |
1939- |
| 9 (RLIN) |
44738 |
| Término indicativo de función/relación |
editor |
| 856 41 - LOCALIZACIÓN Y ACCESO ELECTRÓNICOS |
| Materiales especificados |
Table of contents only |
| Identificador Uniforme de Recursos |
<a href="http://www.loc.gov/catdir/toc/ecip074/2006037123.html">http://www.loc.gov/catdir/toc/ecip074/2006037123.html</a> |
| 906 ## - ELEMENTOS DE DATOS F LOCAL, LDF (RLIN) |
| a |
7 |
| b |
cbc |
| c |
orignew |
| d |
1 |
| e |
ecip |
| f |
20 |
| g |
y-gencatlg |
| 942 ## - ELEMENTOS DE ENTRADA SECUNDARIOS (KOHA) |
| Fuente del sistema de clasificación o colocación |
Clasificación de Library of Congress |
| Tipo de ítem Koha |
Libro |
| 946 ## - PROCESAMIENTO DE INFORMACIÓN LOCAL (OCLC) |
| Iniciales del agente catalogador |
LLH |